000 00366nam a2200145Ia 4500
008 150201s2005 xx 000 0 und d
082 _a611
_bA2005W
100 _aWAUGH / GRANT
245 _aANATOMY & PHYSIOLOGY IN HEALTH & ILLNESS
250 _a9TH
260 _bCHURCHILL LIVINGSTONE
_aEDINBURGH
_c2005
300 _a1-484
650 _aANATOMY
942 _2ddc
_cBK
999 _c3643
_d3643